000 00568nam a2200205Ia 4500
001 15110
003 GE_BSU
008 181216s||||||||xx |||||||||||||| ||und||
040 _cGE_BSU
080 _a517.2(072)
100 _aВиленкин, Н.Я. Мордкович,А.Г.
245 _aПроизводная и интеграл
245 _cРед.Н.И.Никитина
260 _aМосква
260 _bПросвещение.
260 _c1976
300 _a93стр.22см.
653 _aПроизводная и интеграл
942 _cBK
999 _c48226
_d48226